[Event "POL-chT U20 2nd League"]
[Site "Szczyrk"]
[Date "2017.07.26"]
[Round "6.67"]
[White "Holownia, Michal"]
[Black "Kubiczek, Jakub"]
[Result "1-0"]
[WhiteElo "1900"]
[BlackElo "1312"]
[PlyCount "65"]
[EventDate "2017.07.22"]
[EventType "team-swiss"]
[EventRounds "11"]
[EventCountry "POL"]
[SourceTitle "EXT 2019"]
[Source "ChessBase"]
[SourceDate "2018.10.10"]
[SourceVersion "1"]
[SourceVersionDate "2018.10.10"]
[SourceQuality "1"]

1. e4 Nf6 2. e5 Nd5 3. d4 d6 4. Nf3 g6 5. c4 Nb6 6. exd6 cxd6 7. Be2 Bg7 8. b3 Nc6 9. Bb2 Bf5 10. 0-0 0-0 11. Nc3 e5 12. d5 Nb8 13. Nd2 Nc8 14. Bf3 Ne7 15. Be4 Bxe4 16. Ndxe4 f5 17. Ng5 Qd7 18. Ne6 Re8 19. Nb5 Na6 20. Nxg7 Kxg7 21. f4 Ng8 22. Re1 Nf6 23. fxe5 dxe5 24. Bxe5 Re7 25. Qd4 Rf7 26. Nd6 Rff8 27. Bxf6+ Rxf6 28. Re6 Raf8 29. Rae1 Kg8 30. Rxf6 Rxf6 31. Qxf6 Nc7 32. Re7 Qd8 33. Qg7# 1-0

[Event "POL-chT U20 2nd League"]
[Site "Szczyrk"]
[Date "2017.07.23"]
[Round "2.42"]
[White "Kubiczek, Jakub"]
[Black "Nowak, Mikolaj"]
[Result "0-1"]
[WhiteElo "1312"]
[BlackElo "2080"]
[PlyCount "94"]
[EventDate "2017.07.22"]
[EventType "team-swiss"]
[EventRounds "11"]
[EventCountry "POL"]
[SourceTitle "EXT 2019"]
[Source "ChessBase"]
[SourceDate "2018.10.10"]
[SourceVersion "1"]
[SourceVersionDate "2018.10.10"]
[SourceQuality "1"]

1. e4 e5 2. Nc3 Nc6 3. Nf3 Nf6 4. a3 d5 5. Bb5 d4 6. Ne2 Bd6 7. d3 0-0 8. Ng3 Ne7 9. Bd2 Ng6 10. Bc4 h6 11. Qc1 Kh7 12. h4 Nd7 13. Nf5 Nb6 14. Bxh6 Bxf5 15. exf5 gxh6 16. fxg6+ fxg6 17. Bb3 c5 18. Qd2 Qe7 19. Qe2 Rae8 20. 0-0-0 a5 21. Nd2 a4 22. Ba2 Nd7 23. Ne4 b5 24. Rh3 Nb6 25. Rdh1 Kg7 26. g4 Rc8 27. Rf3 c4 28. Nxd6 Qxd6 29. Rxf8 Kxf8 30. Re1 Rc5 31. Qd2 Kg7 32. Re4 c3 33. Qe1 cxb2+ 34. Kxb2 Nd7 35. g5 Rc3 36. gxh6+ Kxh6 37. Qd2+ Kg7 38. Qg5 Qxa3+ 39. Kb1 Qb4+ 40. Kc1 a3 41. Kd1 Rc6 42. Qc1 Nc5 43. h5 Nxe4 44. dxe4 Qb2 45. Bb3 Qxb3 46. cxb3 Rxc1+ 47. Kxc1 d3 0-1